[Event "Carlton Park Masters"]
[Site "Rotherham"]
[Date "1997.03.20"]
[Round "7"]
[White "Shaw, John K"]
[Black "Richardson, John R"]
[Result "1/2-1/2"]
[WhiteElo "2345"]
[BlackElo "2360"]
[PlyCount "125"]
[EventDate "1997.03.17"]
[EventType "tourn"]
[EventRounds "9"]
[EventCountry "ENG"]
[EventCategory "5"]
[SourceTitle "BritBase"]
[Source "John Saunders"]
[SourceDate "2024.07.04"]
[SourceVersion "1"]
[SourceVersionDate "2024.07.04"]
[SourceQuality "1"]

1. e4 c6 2. d4 d5 3. Nd2 dxe4 4. Nxe4 Nd7 5. Nf3 Ngf6 6. Ng3 c5 7. Be2 e6 8.
O-O cxd4 9. Nxd4 Bc5 10. a3 O-O 11. b4 Be7 12. c4 Nb6 13. Be3 Bd7 14. Nb3 Qc7
15. Nc5 Bc6 16. Qc2 Nbd7 17. Nxd7 Bxd7 18. Bd3 Rfc8 19. Rfe1 e5 20. Rac1 a5 21.
c5 axb4 22. axb4 Be6 23. Bf5 Bxf5 24. Nxf5 Bf8 25. Bg5 Ra6 26. Qb2 Re8 27. Rcd1
Rae6 28. Bxf6 Rxf6 29. Ne3 Rg6 30. Rd2 Qc8 31. Nd5 Qh3 32. f4 Qh4 33. Rde2 Rd8
34. f5 Rg5 35. Ne3 Qf4 36. Rf2 Qe4 37. Nc2 Qd5 38. Qxe5 Qc4 39. Qe4 Qc3 40. Rf3
Qd2 41. Qe2 Qd7 42. Ne3 Re8 43. Qd1 Qb5 44. Nd5 Rxe1+ 45. Qxe1 Rg4 46. Nf4 Qc4
47. g3 g6 48. fxg6 hxg6 49. Qc3 Qe4 50. Qb3 Bg7 51. Kg2 Rg5 52. Qd3 Qe5 53. Ne2
Rg4 54. Rf4 Rxf4 55. gxf4 Qb2 56. b5 Bh6 57. Kf3 Qf6 58. Qe4 Bf8 59. c6 bxc6
60. bxc6 Bd6 61. Qd4 Qd8 62. Nc3 Qc7 63. Ne4 1/2-1/2

[Event "Carlton Park Masters"]
[Site "Rotherham"]
[Date "1997.03.20"]
[Round "8"]
[White "Daly, Colm"]
[Black "Aagaard, Jacob"]
[Result "0-1"]
[WhiteElo "2310"]
[BlackElo "2440"]
[PlyCount "78"]
[EventDate "1997.03.17"]
[EventType "tourn"]
[EventRounds "9"]
[EventCountry "ENG"]
[EventCategory "5"]
[SourceTitle "BritBase"]
[Source "John Saunders"]
[SourceDate "2024.07.04"]
[SourceVersion "1"]
[SourceVersionDate "2024.07.04"]
[SourceQuality "1"]

1. d4 Nf6 2. c4 e6 3. Nf3 b6 4. e3 Bb7 5. Bd3 c5 6. Nbd2 Be7 7. O-O O-O 8. b3
Nc6 9. Bb2 cxd4 10. exd4 d5 11. Qe2 Rc8 12. Rfd1 Qd6 13. Rac1 Qf4 14. Qe3 Qxe3
15. fxe3 Rfd8 16. Bb1 Na5 17. Ne5 Nc6 18. Nef3 Na5 19. Ne5 Bd6 20. Nef3 Ba6 21.
e4 Bf4 22. exd5 exd5 23. Bf5 Rc7 24. c5 g6 25. Bh3 Ne4 26. Nxe4 dxe4 27. Nd2 e3
28. Ne4 e2 29. Nf6+ Kg7 30. d5 exd1=Q+ 31. Rxd1 g5 32. Ne8+ Kg6 33. Nxc7 Bxc7
34. d6 bxc5 35. Be5 Nc6 36. Bg3 h5 37. Rd5 g4 38. Rxc5 Bb6 39. b4 Nxb4 0-1

[Event "Carlton Park Masters"]
[Site "Rotherham"]
[Date "1997.03.20"]
[Round "8"]
[White "Houska, Miroslav"]
[Black "Dunnington, Angus J"]
[Result "1-0"]
[WhiteElo "2260"]
[BlackElo "2445"]
[PlyCount "69"]
[EventDate "1997.03.17"]
[EventType "tourn"]
[EventRounds "9"]
[EventCountry "ENG"]
[EventCategory "5"]
[SourceTitle "BritBase"]
[Source "John Saunders"]
[SourceDate "2024.07.04"]
[SourceVersion "1"]
[SourceVersionDate "2024.07.04"]
[SourceQuality "1"]

1. d4 d6 2. e4 g6 3. c3 Nf6 4. Nd2 Bg7 5. Ngf3 O-O 6. Be2 c5 7. dxc5 dxc5 8.
O-O Nc6 9. Qc2 Qc7 10. a4 b6 11. Nc4 Bb7 12. Bg5 Nd8 13. e5 Nd5 14. Bd3 Ne6 15.
Bh4 a6 16. Be4 b5 17. Rfd1 bxc4 18. Bxd5 Bxd5 19. Rxd5 Nf4 20. Rdd1 Nd3 21. Bg3
Nxe5 22. Kh1 f6 23. Qe2 Kh8 24. Nxe5 fxe5 25. Qxc4 Qb6 26. Rd2 Rad8 27. Re2 Qd6
28. Rae1 Rf5 29. h3 h6 30. f3 Rc8 31. Re3 Rd8 32. Qe2 Rb8 33. Rd1 Qb6 34. Rd2
Qc6 35. Bxe5 1-0

[Event "Carlton Park Masters"]
[Site "Rotherham"]
[Date "1997.03.20"]
[Round "8"]
[White "Richardson, John R"]
[Black "Ferguson, Mark"]
[Result "1/2-1/2"]
[WhiteElo "2360"]
[BlackElo "2380"]
[PlyCount "84"]
[EventDate "1997.03.17"]
[EventType "tourn"]
[EventRounds "9"]
[EventCountry "ENG"]
[EventCategory "5"]
[SourceTitle "BritBase"]
[Source "John Saunders"]
[SourceDate "2024.07.04"]
[SourceVersion "1"]
[SourceVersionDate "2024.07.04"]
[SourceQuality "1"]

1. d4 d5 2. c4 c6 3. Nc3 Nf6 4. Nf3 dxc4 5. a4 Bf5 6. e3 e6 7. Bxc4 Bb4 8. O-O
Nbd7 9. Qe2 Bg6 10. e4 Bxc3 11. bxc3 Nxe4 12. Ba3 Qc7 13. Rfe1 Nxc3 14. Qb2 Ne4
15. Nh4 Nb6 16. Bb3 Nd6 17. Bxe6 O-O 18. Nxg6 hxg6 19. Bb3 Ndc4 20. Qa2 Nxa3
21. Qxa3 Rfe8 22. Qc5 Qd7 23. a5 Rxe1+ 24. Rxe1 Re8 25. Rd1 Nc8 26. d5 cxd5 27.
Bxd5 b6 28. Qc1 Qe7 29. a6 Nd6 30. h3 Rc8 31. Qf4 g5 32. Qxd6 Qxd6 33. Bxf7+
Kxf7 34. Rxd6 Rc1+ 35. Kh2 Ke7 36. Rg6 Kf7 37. Rd6 Ke7 38. Rg6 Kf8 39. Rxg5 Ra1
40. Rd5 Rxa6 41. Rd7 Ra2 42. Rb7 Rxf2 1/2-1/2

[Event "Carlton Park Masters"]
[Site "Rotherham"]
[Date "1997.03.20"]
[Round "8"]
[White "Wall, Timothy P"]
[Black "Woerdemann, Martin"]
[Result "1-0"]
[WhiteElo "2305"]
[BlackElo "2305"]
[PlyCount "80"]
[EventDate "1997.03.17"]
[EventType "tourn"]
[EventRounds "9"]
[EventCountry "ENG"]
[EventCategory "5"]
[SourceTitle "BritBase"]
[Source "John Saunders"]
[SourceDate "2024.07.04"]
[SourceVersion "1"]
[SourceVersionDate "2024.07.04"]
[SourceQuality "1"]

1. d4 d5 2. Bg5 h6 3. Bh4 c6 4. Nf3 Qb6 5. b3 Bf5 6. e3 Nd7 7. Be2 e6 8. O-O
Ngf6 9. c4 Be7 10. c5 Qd8 11. Nc3 Ne4 12. Nxe4 Bxe4 13. Bg3 O-O 14. Nd2 Bg6 15.
b4 a6 16. Qb3 Bh4 17. Bf4 Re8 18. Nf3 Bf6 19. Rad1 Bh5 20. Rd2 Qc8 21. Bd6 Bxf3
22. Bxf3 e5 23. e4 dxe4 24. Bxe4 exd4 25. Bg6 Ne5 26. Bxe5 Rxe5 27. Bxf7+ Kh8
28. Rxd4 Rxc5 29. Rd3 Re5 30. Rfd1 Qc7 31. g3 Rd8 32. Rxd8+ Bxd8 33. Bg6 Qe7
34. Kg2 Bb6 35. Qf3 Kg8 36. Qf4 Qc7 37. Rd3 Re7 38. Qc4+ Kh8 39. Rf3 Qd8 40.
Rf5 Bd4 1-0

[Event "Carlton Park Masters"]
[Site "Rotherham"]
[Date "1997.03.21"]
[Round "9"]
[White "Ferguson, Mark"]
[Black "Bryson, Douglas Marshall"]
[Result "1-0"]
[WhiteElo "2380"]
[BlackElo "2385"]
[PlyCount "79"]
[EventDate "1997.03.17"]
[EventType "tourn"]
[EventRounds "9"]
[EventCountry "ENG"]
[EventCategory "5"]
[SourceTitle "BritBase"]
[Source "John Saunders"]
[SourceDate "2024.07.04"]
[SourceVersion "1"]
[SourceVersionDate "2024.07.04"]
[SourceQuality "1"]

1. Nf3 d5 2. c4 e6 3. b3 Nf6 4. g3 c5 5. Bg2 Nc6 6. Bb2 d4 7. d3 Be7 8. e3 e5
9. exd4 cxd4 10. O-O O-O 11. Na3 Nd7 12. Nd2 Nc5 13. Ne4 Ne6 14. Nc2 f5 15. Nd2
a5 16. f4 exf4 17. gxf4 Bd6 18. Bd5 Bxf4 19. Kh1 Bc7 20. Nxd4 Ncxd4 21. Bxd4
Kh8 22. Bc3 Bb6 23. Qe1 Bd4 24. Bxd4 Nxd4 25. Rc1 Ra6 26. Qe3 Nc6 27. Bxc6 Rxc6
28. Nf3 f4 29. Qd2 Bf5 30. d4 Be4 31. d5 Rh6 32. Rce1 Re8 33. Re2 Qd6 34. Kg1
Rg6+ 35. Rg2 Rxg2+ 36. Qxg2 h5 37. Ng5 Qb6+ 38. Qf2 Qg6 39. Qxf4 h4 40. Qf8+
1-0

[Event "Carlton Park Masters"]
[Site "Rotherham"]
[Date "1997.03.21"]
[Round "9"]
[White "Shaw, John K"]
[Black "Daly, Colm"]
[Result "1-0"]
[WhiteElo "2345"]
[BlackElo "2310"]
[PlyCount "85"]
[EventDate "1997.03.17"]
[EventType "tourn"]
[EventRounds "9"]
[EventCountry "ENG"]
[EventCategory "5"]
[SourceTitle "BritBase"]
[Source "John Saunders"]
[SourceDate "2024.07.04"]
[SourceVersion "1"]
[SourceVersionDate "2024.07.04"]
[SourceQuality "1"]

1. e4 c5 2. c3 d5 3. exd5 Qxd5 4. d4 Nf6 5. Nf3 g6 6. Na3 Bg7 7. Bc4 Qe4+ 8.
Be3 O-O 9. Bd3 Qd5 10. O-O cxd4 11. cxd4 Nc6 12. Bc4 Qd8 13. Nc2 Bf5 14. Rc1
Be4 15. Ne5 e6 16. Nxc6 Bxc6 17. Nb4 Bd5 18. Nxd5 Nxd5 19. Qb3 Nb6 20. Be2 Qd7
21. Bf3 h6 22. Rc5 Rfc8 23. Rb5 Rd8 24. a4 Rac8 25. a5 Nc4 26. Bxb7 Rc7 27. a6
Nd6 28. Rb4 Nf5 29. d5 Nxe3 30. Qxe3 Bf8 31. dxe6 Qd2 32. Rb5 Qxe3 33. exf7+
Kg7 34. fxe3 Rc5 35. Rb3 Rc2 36. Be4 Re2 37. Bf3 Rc2 38. Rb7 Rd6 39. Ra1 Rdd2
40. Rxa7 Rxb2 41. Rc7 Ra2 42. Rxa2 Rxa2 43. a7 1-0